Významný medzník (K 50. výročiu založenia Zväzu proletárskych bezvercov)

Bibliographic Details
Main Author: Hudečková, Viera (Author)
Format: Article
Language:Slovak

MARC

LEADER 00000nab a2200000ua 4500
001 vtls010747772
003 SK-MaSNL
005 20260304195854.0
008 250718s1976 xo |||||||||||||||||slo|
035 |a (urnnbn)urn:nbn:sk:snk:ar-a02iwu 
035 |a (uuid)423c68be-fbc9-4c43-8d65-87689664c432 
035 |a urn:nbn:sk:snk-ab4ldn 
040 |a SNKBUCL  |b slo  |c SNKBUCL  |e AACR2 
041 0 |a slo 
044 |a xo  |c SK 
100 1 |a Hudečková, Viera  |4 aut  |9 484458 
245 1 0 |a Významný medzník  |b (K 50. výročiu založenia Zväzu proletárskych bezvercov)  |c Viera Hudečková 
773 0 |t Ateizmus : časopis pre otázky vedeckého ateizmu  |g Roč. 4, č. 2 (1976), s. 144-150 
850 |a Slovenská národná knižnica 
852 |a Slovenská národná knižnica 
954 |a odborná, vedecká literatúra pôvodná (slovenská)  |2 lita 
958 |a article3 
958 |a OND 
958 |a EUIPO 
999 |c 3083386  |d 3085316